000 00323cam a2200145ua 4500
041 _aeng
_h
082 _a335.4
_bMAX/WA
100 _aK. Marx, Marx .
245 _aWage Labourar and capital
260 _aMoscow :
_bforeign language ,
_c1891.
300 _a80 ; .
504 _a
942 _cBK
999 _c11166
_d11166